000 00246 a2200097 4500
090 _c3977
_d3977
100 _aRick Sawtell
245 _aSQL Server 7 24 Seven
260 _aSybex Network Press
_bSan Francisco
_c1999
942 _aNBS
_cBK
_k005.4069 SAW
999 _c346437
_d346437